NHL Teams from North to South - Statistics

General Stats
  • This quiz has been taken 539 times
    439 since last reset
  • The average score is 16 of 32
Answer Stats
Latitude Team % Correct
53°32′49″N Edmonton Oilers
97%
51°02′15″N Calgary Flames
94%
49°53′34″N Winnipeg Jets
90%
49°16′40″N Vancouver Canucks
86%
45°29′46″N Montreal Canadiens
76%
45°17′49″N Ottawa Senators
74%
47°37′19.2″N Seattle Kraken
72%
43°38′36″N Toronto Maple Leafs
72%
44°56′41″N Minnesota Wild
69%
42°52′30″N Buffalo Sabres
66%
42°21′58.69″N Boston Bruins
63%
42°20′28.22″N Detroit Red Wings
53%
40°45′2″N New York Rangers
52%
41°52′50″N Chicago Blackhawks
51%
40°42′43.54″N New York Islanders
47%
40°44′1″N New Jersey Devils
45%
40°26′22″N Pittsburgh Penguins
43%
27°56′34″N Tampa Bay Lightning
43%
26°9′30″N Florida Panthers
42%
39°58′9.42″N Columbus Blue Jackets
39%
39°54′4″N Philadelphia Flyers
39%
32°47′26″N Dallas Stars
37%
38°53′53″N Washington Capitals
33%
33°48′28″N Anaheim Ducks
31%
39°44′55″N Colorado Avalanche
31%
38°37′36″N St. Louis Blues
31%
34°02′35″N Los Angeles Kings
30%
37°19′58″N San Jose Sharks
29%
33°31′55″N Arizona Coyotes
28%
35°48′12″N Carolina Hurricanes
27%
36°9′33″N Nashville Predators
24%
36°06′10″N Vegas Golden Knights
24%
No matching quizzes found
Score Distribution
Percent of People with Each Score
Percentile by Number Answered
Your Score History
You have not taken this quiz since the last reset